Adjudicating (Un) domestic battles (Record no. 67019)

000 -LEADER
fixed length control field 01000pab a2200169 454500
008 - FIXED-LENGTH DATA ELEMENTS--GENERAL INFORMATION
fixed length control field 180718b005 xxu||||| |||| 00| 0 eng d
100 ## - MAIN ENTRY--PERSONAL NAME
Personal name Suneetha, A.
245 ## - TITLE STATEMENT
Title Adjudicating (Un) domestic battles
260 ## - PUBLICATION, DISTRIBUTION, ETC.
Date of publication, distribution, etc. 005
300 ## - PHYSICAL DESCRIPTION
Extent p.4101-103.
362 ## - DATES OF PUBLICATION AND/OR SEQUENTIAL DESIGNATION
Dates of publication and/or sequential designation 17 Sep
520 ## - SUMMARY, ETC.
Summary, etc. Considering that domestic violence emerges in a context where women are refusing to conform to given roles and seeking to change them, to what extent can legal intervention empower them in their struggles? What is of concern here is that the current perspectives focusing on violence and victimhood are not able to capture these strategic battles of women. The seemingly "natural" response of looking to law for resolutions is a problematic move - one that individualises the woman into a case and leads to a depoliticisation of the discussion of women's battles in the family. - Reproduced.
650 ## - SUBJECT ADDED ENTRY--TOPICAL TERM
Topical term or geographic name entry element Domestic violence
700 ## - ADDED ENTRY--PERSONAL NAME
Personal name Nagaraj, Vasudha
773 ## - HOST ITEM ENTRY
Main entry heading Economic and Political Weekly
909 ## -
-- 67019
Holdings
Withdrawn status Lost status Damaged status Not for loan Permanent Location Current Location Date acquired Serial Enumeration / chronology Barcode Date last seen Price effective from Koha item type
        Indian Institute of Public Administration Indian Institute of Public Administration 2018-07-19 Volume no: 40, Issue no: 38 AR67475 2018-07-19 2018-07-19 Articles

Powered by Koha